[Event "21st Dubai Open 2019"]
[Site "Dubai"]
[Date "2019.04.02"]
[Round "2.11"]
[White "Tissir, Mohamed"]
[Black "Can, Emre"]
[Result "1/2-1/2"]
[WhiteElo "2386"]
[BlackElo "2599"]
[Annotator "TA"]
[PlyCount "119"]
[EventDate "2019.04.01"]
[EventType "swiss"]
[EventCountry "UAE"]
[SourceTitle "playchess.com"]
[Source "ChessBase"]
[SourceQuality "1"]

{[%evp 21,119,34,52,35,42,-8,-1,-10,-7,-44,-20,-27,-29,-25,24,18,33,9,9,9,8,12,20,25,20,25,17,0,0,0,20,9,4,4,22,8,8,-20,-25,-22,-27,-20,0,0,0,0,0,0,0,0,0,0,0,0,8,0,0,-8,-8,-18,-18,-16,0,0,0,-2,0,0,0,0,0,0,0,0,0,0,0,0,0,0,0,0,8,0,0,0,0,0,8,0,0,0,0,0,0,0,0,0,0,0]} 1. e4 c5 2. Nf3 d6 3. d4 cxd4 4. Nxd4 Nf6 5. Nc3 a6 6. h3 e6 7. g4 Nfd7 {B81: Sicilian Scheveningen: Keres Attack} 8. g5 b5 9. a3 Bb7 10. Be3 Nc6 11. h4 Be7 {LiveBook: 96 Games} 12. Nxc6 Bxc6 13. Rh3 $146 ({Predecessor:} 13. Qd4 O-O 14. O-O-O Rb8 15. h5 {½-½ (43) Bacrot,E (2715)-Navara,D (2737) Biel 2017}) 13... O-O 14. f4 {[%cal Bf2f4,Bf4f5][%mdl 32]} Qb8 15. f5 b4 16. axb4 Qxb4 17. Qd4 Rfb8 (17... a5 {is more complex.} 18. O-O-O Rfb8 19. fxe6 Qxb2+ 20. Kd2 Rb4) 18. Qxb4 (18. b3 {seems wilder.} Ne5 19. Qxb4 Rxb4 20. fxe6 fxe6 21. Rxa6 Rxa6 22. Bxa6 Bxe4 23. Nxe4 Rxe4 24. Kd1) 18... Rxb4 19. fxe6 fxe6 20. Rxa6 Rxa6 21. Bxa6 Ne5 22. b3 Bxe4 23. Nxe4 Rxe4 24. Be2 d5 25. c3 Kf7 26. Kd2 Bd6 27. h5 Ke7 28. Rh1 Ng4 29. Rh4 Rxe3 30. Rxg4 $11 {[%mdl 4096] Endgame KRB-KRB} Rh3 31. Ra4 Be5 {The position is equal.} 32. Ra7+ Kd8 33. Bg4 Rxc3 34. Bxe6 {[#] Black must now prevent Rd7+.} d4 35. Bf5 h6 36. gxh6 gxh6 37. b4 Rf3 38. Be4 Bf4+ 39. Kd1 Rb3 {Threatens to win with ...d3.} 40. Bf5 Rxb4 41. Kc2 Be5 42. Kd3 Rb3+ 43. Ke4 Bf6 44. Rf7 Rb6 45. Rh7 Rd6 {Strongly threatening ...d3.} 46. Kd3 Rd5 47. Bg4 Rg5 48. Rxh6 Ke7 49. Rh7+ Kd6 50. Rd7+ Kc5 51. Bf3 Rf5 52. Bg4 Rf4 53. Be2 Rh4 54. Bf3 Rh3 55. Rd5+ Kb4 56. Rf5 Bg7 57. Rf7 Bh8 58. Rf8 Bg7 59. Rf7 Bh8 60. Ke4 {Precision: White = 55%, Black = 70%.} 1/2-1/2

[Event "21st Dubai Open 2019"]
[Site "Dubai"]
[Date "2019.04.02"]
[Round "2.12"]
[White "Indjic, Aleksandar"]
[Black "Nitish Belurkar"]
[Result "1-0"]
[WhiteElo "2592"]
[BlackElo "2327"]
[Annotator "TA"]
[PlyCount "97"]
[EventDate "2019.04.01"]
[EventType "swiss"]
[EventCountry "UAE"]
[SourceTitle "playchess.com"]
[Source "ChessBase"]
[SourceQuality "1"]

{[%evp 22,97,89,75,87,64,62,51,51,48,47,62,62,52,64,34,32,40,60,18,23,12,17,18,32,14,20,8,0,0,35,39,69,58,63,58,69,54,54,51,71,57,55,53,58,48,48,40,63,46,90,70,62,0,66,62,101,92,188,169,331,316,261,54,460,440,576,547,455,447,603,589,598,597,566,561,541,528]} 1. d4 Nf6 2. c4 g6 3. Nc3 Bg7 4. e4 d6 5. Nf3 O-O 6. Be2 e5 7. d5 c6 8. O-O Na6 9. Be3 Ng4 10. Bg5 f6 11. Bh4 c5 12. Ne1 Nh6 {E94: King's Indian: Classical: 6 Be2 e5 7 0-0: Various Black 7th moves} 13. Nc2 {[#]} Qc7 $146 ({Predecessor:} 13... Nf7 14. a3 b6 15. b4 Bd7 16. Rb1 Bh6 17. Bg4 Bg5 18. Bxd7 Qxd7 19. Bxg5 fxg5 20. Ne3 {1-0 (52) Korobov,A (2698)-Demchenko,A (2679) St Petersburg 2018}) 14. a3 f5 {White is slightly better.} 15. f3 f4 16. b4 b6 17. Nb5 Qd7 18. bxc5 bxc5 19. Rb1 Bf6 20. Bf2 g5 21. Na1 Nf7 22. Nb3 Bd8 23. Be1 h5 24. h3 Nh6 25. Na5 Bxa5 26. Bxa5 Rf6 27. Kf2 $36 {[%mdl 2048] Black is under pressure.} Qg7 28. Ke1 Qf8 29. Kd2 Rf7 30. Nc3 Kh8 31. Rh1 Ng8 32. Bd3 Nf6 33. Bc2 Bd7 34. Ba4 Bxa4 35. Qxa4 {[#] Strongly threatening Qc6.} Qe8 36. Qb5 Qc8 37. Qa4 ({Better is} 37. Kc2 $14) 37... Kg8 (37... Qe8 $1 $11) 38. Rb2 Rg7 39. Qc6 Ne8 (39... Qxc6 $16 40. dxc6 Nb8) 40. Rhb1 $18 Qxc6 $2 (40... Kf8 41. Qxc8 Rxc8) 41. dxc6 Rc8 42. Rb7 $2 (42. Nd5 $18) 42... Rxc6 $2 {[%mdl 8192]} (42... Rxb7 $14 43. cxb7 Rb8) 43. Rxg7+ {White is clearly winning.} Kxg7 44. Rb7+ Kf8 45. Nd5 Rc8 {If Black can now play ...Rb8 this consolidates a bit.} 46. Rxa7 Nb8 47. Ne7 {[%mdl 64] [#] Trapped Piece} Rc6 48. Nxc6 Nxc6 49. Ra6 {Accuracy: White = 41%, Black = 40%.} 1-0

[Event "21st Dubai Open 2019"]
[Site "Dubai"]
[Date "2019.04.02"]
[Round "2.13"]
[White "Hedman, Erik"]
[Black "Abdusattorov, Nodirbek"]
[Result "0-1"]
[WhiteElo "2385"]
[BlackElo "2578"]
[Annotator "TA"]
[PlyCount "64"]
[EventDate "2019.04.01"]
[EventType "swiss"]
[EventCountry "UAE"]
[SourceTitle "playchess.com"]
[Source "ChessBase"]
[SourceQuality "1"]

{[%evp 18,63,22,16,12,-7,-4,-15,-14,-7,-8,-11,-10,-10,-12,-16,-20,-11,-15,-16,0,-15,-16,-29,-18,-35,-33,-51,-45,-99,-81,-139,-118,-131,-114,-160,-146,-257,-162,-509,-508,-792,-764,-684,-576,-29994,-29995,-29999]} 1. d4 Nf6 2. c4 e6 3. Nf3 d5 4. g3 Be7 5. Bg2 O-O 6. O-O dxc4 7. Qc2 a6 8. a4 Bd7 9. Qxc4 Bc6 10. Bf4 Bd6 {E05: Open Catalan: 5 Nf3 Be7} 11. Nc3 Bxf4 12. gxf4 a5 {The position is equal.} 13. e3 Na6 {[#]} 14. Kh1 $146 ({Predecessor:} 14. Rac1 Nb4 15. Rfd1 Ra6 16. Qe2 Nbd5 17. Nb5 Ne7 18. Nd2 Bxg2 19. Kxg2 {½-½ (26) Ivanchuk,V (2710)-Dominguez Perez,L (2723) Varadero 2016}) 14... Nb4 15. Rg1 Qe7 16. Ne5 {[%cal Rg2c6]} Bxg2+ 17. Rxg2 g6 18. Rag1 Kh8 (18... Rac8 {feels hotter.} 19. Rg5 Kh8 20. Qf1 c5 21. dxc5 Rxc5 22. Qh3 Kg7) 19. Rg5 Nbd5 20. Nxd5 exd5 21. Qe2 Ne4 22. R5g4 Rg8 23. f3 {[#]} (23. Rc1 $15) 23... Nd6 $1 $17 24. Qg2 (24. Qd3 $142) 24... Nf5 25. Qh3 Rg7 26. Rg5 {White wants to play Qxf5.} Rag8 27. b3 (27. Re1 $17) 27... Qe6 28. Rc1 $2 (28. R5g2 {is tougher.}) 28... f6 $19 {[%mdl 64] Double Attack} 29. Nxg6+ (29. e4 $142 dxe4 30. fxe4 fxg5 31. exf5 gxf5 32. fxg5) 29... Rxg6 30. Rxc7 {[#]} Ng3+ $1 {[%mdl 512]} 31. Rxg3 {[%csl Gh3][%cal Rc7h7]} Qxh3 {[%mdl 64] Overworked Piece} 32. Rxh3 Rg1# {Accuracy: White = 28%, Black = 80%.} 0-1

[Event "21st Dubai Open 2019"]
[Site "Dubai"]
[Date "2019.04.02"]
[Round "2.14"]
[White "Pichot, Alan"]
[Black "Priyanka Nutakki"]
[Result "1-0"]
[WhiteElo "2566"]
[BlackElo "2313"]
[Annotator "TA"]
[PlyCount "83"]
[EventDate "2019.04.01"]
[EventType "swiss"]
[EventCountry "UAE"]
[SourceTitle "playchess.com"]
[Source "ChessBase"]
[SourceQuality "1"]

{[%evp 21,83,14,14,19,13,8,50,43,83,31,37,35,43,47,61,60,58,68,92,90,129,122,129,122,154,151,147,147,151,135,159,131,197,207,194,215,327,347,342,337,402,377,529,519,507,486,452,348,372,372,404,400,643,639,680,598,1304,1243,1033,988,1760,1795,1445,1339]} 1. e4 e6 2. d4 d5 3. Nd2 c5 4. Ngf3 cxd4 5. Nxd4 Nc6 6. Bb5 Bd7 7. Nxc6 bxc6 8. Bd3 Bd6 {C07: French Tarrasch: 3...c5, 4 Ngf3 and 4 exd5 Qxd5} (8... Qc7 9. Qe2 Ne7 10. O-O Ng6 11. Nf3 Bd6 12. c4 dxe4 13. Bxe4 O-O 14. Rd1 Rad8 15. h3 c5 16. b3 Bc6 {0-1 (40) Nepomniachtchi,I (2763)-Vitiugov,N (2719) St Petersburg 2018}) 9. Qe2 Ne7 10. e5 Bc7 11. O-O Ng6 {LiveBook: 5 Games} 12. f4 O-O 13. b3 {[%cal Bb2b3,Bb3b4][%mdl 32]} f5 $146 ({Predecessor:} 13... f6 14. Bb2 Qe8 15. exf6 gxf6 16. Rae1 {1-0 (28) Caspi,I (2484)-Cerveny,P (2319) Pardubice 2018}) 14. Ba3 Rf7 15. Bc5 ({White should try} 15. c4 $16) 15... Bb6 $14 16. Qe3 Bxc5 17. Qxc5 Qb6 18. b4 $1 Bc8 19. Nb3 Nf8 20. a4 Nd7 21. Qxb6 axb6 22. c4 g5 23. cxd5 cxd5 24. g3 {[%cal Bg2g3,Bg3f4][%mdl 32]} gxf4 25. gxf4 Nf8 26. Kf2 Rfa7 {[#]} (26... Rc7 $16) 27. a5 $1 $18 bxa5 28. Rxa5 ({Don't do} 28. bxa5 $6 Rb8 $16) 28... Nd7 (28... Rxa5 $142 29. bxa5 Ba6) 29. Rxa7 Rxa7 30. Rc1 Ra2+ 31. Ke3 Nb6 (31... Ra8 $142 32. b5 Rb8) 32. Rc6 Nc4+ 33. Bxc4 Bb7 34. Rxe6 dxc4 {[%mdl 4096] Endgame KRB-KRN} 35. Na5 Bd5 36. Rd6 Ra3+ (36... Bf7 $142 37. Nc6 Kf8) 37. Kd4 {White is clearly winning.} Rd3+ 38. Kc5 c3 39. Nb3 c2 40. Nc1 Rd1 41. Rxd5 Rxc1 42. Rd2 {Precision: White = 89%, Black = 36%.} 1-0

[Event "21st Dubai Open 2019"]
[Site "Dubai"]
[Date "2019.04.02"]
[Round "2.15"]
[White "Saurabh Anand"]
[Black "Santos Ruiz, Miguel"]
[Result "0-1"]
[WhiteElo "2385"]
[BlackElo "2555"]
[Annotator "TA"]
[PlyCount "124"]
[EventDate "2019.04.01"]
[EventType "swiss"]
[EventCountry "UAE"]
[SourceTitle "playchess.com"]
[Source "ChessBase"]
[SourceQuality "1"]

{[%evp 23,124,-28,-22,-48,-12,-91,-50,-109,-29,-22,-29,-112,-96,-135,-118,-139,-128,-146,-148,-150,-146,-166,-162,-157,-150,-172,-80,-93,-77,-462,-370,-551,-531,-500,-398,-406,-406,-444,-420,-640,-316,-307,-309,-305,-321,-390,-465,-489,-242,-267,-265,-256,-262,-236,-230,-262,-261,-399,-400,-377,-386,-404,-401,-392,-392,-362,-358,-451,-423,-448,-433,-397,-358,-466,-462,-466,-465,-462,-455,-500,-343,-438,-307,-462,-456,-454,-441,-423,-364,-401,-361,-392,-379,-602,-591,-567,-560,-904,-879,-872,-740,-648,-582]} 1. e4 c5 2. Nf3 d6 3. d4 cxd4 4. Nxd4 Nf6 5. Nc3 a6 6. Bc4 e6 7. Bb3 Nbd7 8. Bg5 Nc5 9. Qe2 Be7 10. f4 h6 11. Bxf6 Bxf6 12. O-O-O Qc7 13. f5 {B86: Sicilian Scheveningen/Najdorf: 6 Bc4, without early ...b5} h5 $146 ({Predecessor:} 13... O-O 14. g4 Nxb3+ 15. axb3 b5 16. h4 Qc5 17. Qd2 Be5 18. g5 h5 19. Rhf1 exf5 20. exf5 Bb7 {1-0 (35) Meister,J (2484)-Jugelt,T (2378) Magdeburg 2012}) 14. g4 (14. Qd2 $11) 14... Bd7 15. h4 (15. h3 $1 $15) 15... hxg4 ({Black should try} 15... Qb6 $1 $17 {aiming for ...Bxd4.} 16. Nf3 Bxc3 17. bxc3 Qa5) 16. Qxg4 $11 {[%cal Rf5e6]} O-O-O 17. Kb1 (17. Nxe6 $1 $11 fxe6 18. fxe6) 17... Qb6 {And now ...Bxd4 would win.} 18. Nce2 Kb8 19. h5 a5 $1 {[%cal Ba6a5,Ba5a4,Ba4a3][%mdl 32]} 20. c3 {[%cal Rf5e6] [#]} a4 $1 {[%cal Ra4b3]} 21. Bc2 {[#]} a3 $1 {[%csl Ga3][%cal Rb6b2]} 22. b3 Na4 23. Qg1 Rc8 {White must now prevent ...Rxc3.} 24. Rh3 Bb5 (24... Rc5 $19 {is more deadly.} 25. Rd2 Nb2) 25. Nxb5 $17 Qxb5 26. Bd3 $2 {[%mdl 8192]} (26. Nd4 $17 {is tougher.} Qb6 27. Ne2 Qxg1 28. Rxg1 Nxc3+ 29. Nxc3 Bxc3 30. fxe6 fxe6 31. Bd1) 26... Qa5 27. Bc2 (27. Bc4 $142 Nxc3+ 28. Rxc3 Bxc3 29. fxe6 fxe6 30. Bxe6 Qxh5 31. Qg4 Qxg4 32. Bxg4) 27... Nxc3+ 28. Nxc3 {White wants to play Ne2.} Rxc3 29. Qe1 Rhc8 30. Rxc3 Rxc3 (30... Bxc3 $2 31. Qe3 $19) 31. Qd2 (31. e5 $142 Bxe5 32. fxe6 fxe6 33. Qf2) 31... Be5 (31... Ka8 $142 32. Qh2 Rc6) 32. f6 $19 Bxf6 ({But not} 32... gxf6 33. h6 $19) 33. Qxd6+ Ka7 34. Qh2 Rc5 {( -> ...Qc3)} 35. Qd2 Qxd2 (35... Qc7 $142 36. Qd6 Rxc2 37. Qxa3+ Kb8 38. Qf8+ Qc8 39. Qd6+ Rc7) 36. Rxd2 Rxh5 {[%mdl 4096] Endgame KRB-KRB} 37. Bd1 Rh4 38. Bf3 Rf4 39. Bg2 Bc3 40. Re2 (40. Rc2 {only move.} Be5 41. Kc1) 40... b5 {[%cal Bb7b5,Bb5b4][%mdl 32]} 41. Kc2 b4 42. Kd3 Kb6 43. Ke3 Rg4 44. Kf3 Rg6 45. Rc2 Kc5 46. Rc1 Kd6 47. Rd1+ Ke7 48. Kf2 Rg5 49. Kf3 Be5 50. Kf2 Rg3 51. Bf3 Rh3 52. Rc1 Bc3 53. Rd1 (53. Rh1 {was called for.} Bd4+ 54. Kg2 Rxh1 55. Kxh1) 53... Rh2+ 54. Bg2 Rh5 55. Kf3 Rc5 56. Rc1 Kf6 57. Rc2 Ke5 58. Rc1 (58. Bf1 $142) 58... Rc7 {Black is clearly winning.} 59. Rc2 Rd7 60. Ke2 Kf4 61. Bf3 g5 62. Bg2 Kg3 {Accuracy: White = 31%, Black = 65%.} 0-1

[Event "21st Dubai Open 2019"]
[Site "Dubai"]
[Date "2019.04.02"]
[Round "2.16"]
[White "Bellahcene, Bilel"]
[Black "Koniahli, Malek."]
[Result "1-0"]
[WhiteElo "2538"]
[BlackElo "2299"]
[Annotator "TA"]
[PlyCount "76"]
[EventDate "2019.04.01"]
[EventType "swiss"]
[EventCountry "UAE"]
[SourceTitle "playchess.com"]
[Source "ChessBase"]
[SourceQuality "1"]

{[%evp 14,76,37,31,32,0,35,10,31,30,30,29,35,30,27,22,79,77,106,81,98,47,70,74,91,102,118,59,162,60,56,46,51,56,58,31,31,38,52,52,59,58,58,58,72,58,58,50,63,52,49,44,255,245,220,221,341,249,387,392,391,358,523,494,881]} 1. d4 Nf6 2. Nf3 g6 3. c4 c6 4. Nc3 d5 5. e3 Bg7 6. Be2 O-O 7. O-O a6 8. a4 dxc4 {D94: Grünfeld: 4 Nf3 Bg7 5 e3} (8... a5 9. cxd5 cxd5 10. b3 Bg4 11. Ne1 Bxe2 12. Qxe2 Qb6 13. Nb5 {½-½ (13) Khalifman,A (2614)-Kamsky,G (2677) Moscow 2018}) 9. a5 Bg4 (9... c5 $5) 10. Bxc4 Nbd7 {The position is equal.} 11. h3 Bxf3 12. Qxf3 e6 $146 ({Predecessor:} 12... e5 13. Rd1 Qc7 14. b3 Rfe8 15. Ne4 exd4 16. Nxf6+ Nxf6 17. Bb2 c5 18. exd4 Ne4 19. Rac1 {0-1 (42) Pisulinski,J (2400)-Weglarz,L (2380) Augustow 1996}) 13. Bd2 Nd5 14. Rfd1 Nxc3 (14... f5 $11) 15. bxc3 $16 Qc7 16. Rdb1 Rab8 17. g3 (17. e4 $16) 17... e5 $14 18. Bc1 Nf6 19. Ba3 Rfe8 20. Bc5 ({White should try} 20. Rb6 $16) 20... e4 {[#]} (20... exd4 $14 21. cxd4 Ne4) 21. Qg2 (21. Qf4 $1 $18 {[%cal Rf4c7]} Qd7 22. Rb6) 21... Bf8 {White should prevent ...Bxc5.} 22. Ba7 Ra8 23. Bb6 Qd7 24. Bb3 h5 25. c4 {[%cal Bc3c4,Bc4c5][%mdl 32]} Rec8 26. Rd1 Qf5 27. Bc2 Bd6 28. Rf1 Re8 29. c5 Bb8 30. f3 Qe6 31. Ra3 {Strongly threatening fxe4.} exf3 32. Rxf3 Ba7 $2 (32... Kg7 $1 $14) 33. Bxa7 $18 Rxa7 {[#]} 34. e4 $1 {[%mdl 512]} Rf8 (34... Qe7 $142 35. Rf4 Nh7) (34... Nxe4 35. Bb3) 35. Rf4 Qe7 (35... Nh7 {keeps fighting.} 36. h4 Raa8) 36. Raf3 Nh7 37. h4 f6 (37... Kg7 $142 38. g4 hxg4 39. Qxg4 Raa8) 38. g4 Qg7 {Accuracy: White = 60%, Black = 37%.} (38... Kh8 $142 39. gxh5 gxh5) 1-0

[Event "21st Dubai Open 2019"]
[Site "Dubai"]
[Date "2019.04.02"]
[Round "2.17"]
[White "Assaubayeva, Bibisara"]
[Black "Ghaem Maghami, Ehsan"]
[Result "1-0"]
[WhiteElo "2381"]
[BlackElo "2531"]
[Annotator "TA"]
[PlyCount "92"]
[EventDate "2019.04.01"]
[EventType "swiss"]
[EventCountry "UAE"]
[SourceTitle "playchess.com"]
[Source "ChessBase"]
[SourceQuality "1"]

{[%evp 15,92,35,43,37,64,64,68,60,72,61,54,43,71,64,68,66,67,70,107,106,126,63,55,16,93,97,272,266,583,580,574,571,648,635,817,855,859,562,555,0,859,846,897,791,1036,1009,1118,727,744,731,745,713,697,683,673,585,658,646,735,730,745,763,825,822,809,809,1019,941,901,917,910,909,938,942,1542,1460,1422,1397,29996]} 1. d4 Nf6 2. c4 e6 3. Nf3 Bb4+ 4. Nbd2 O-O 5. a3 Bxd2+ 6. Qxd2 b6 7. e3 Bb7 8. Be2 Ne4 9. Qc2 {E14: Queen's Indian: Classical Variation (4 e3)} Ng5 10. Nd2 {Hoping for h4.} f5 11. f3 {White is slightly better.} Qe7 $146 ({Predecessor:} 11... Nc6 12. b3 f4 13. h4 Nf7 14. Ne4 h6 15. d5 exd5 16. cxd5 Ne7 17. exf4 Nxd5 {½-½ (51) Illescas Cordoba,M (2602)-Vallejo Pons,F (2686) Madrid 2015}) 12. b3 c5 13. Bb2 d6 14. O-O Nd7 15. Bd3 Rac8 16. f4 Nf7 {[#]} 17. d5 $1 {[%mdl 512]} Nh6 (17... exd5 18. Bxf5) 18. dxe6 (18. e4 $16) 18... Qxe6 $14 19. e4 Qg6 (19... Nf6 $11 {remains equal.} 20. Rae1 Rce8) 20. Rf3 $16 Ng4 $2 (20... Nf6 $16 {keeps fighting.}) 21. exf5 $18 Qh6 $2 {[#]} (21... Qe8) 22. Rh3 $1 Qxf4 {( -> ...Qf2+)} 23. Rf1 Qg5 {aiming for ...Ne3.} 24. f6 Ngxf6 {[%csl Gb7][%cal Rg5g2]} 25. Bxh7+ Kf7 26. Rg3 Qh6 27. Rh3 ({Weaker is} 27. Qf5 Ke7 $14) (27. Be4 $142 d5 28. Rh3 {[%mdl 64] Overworked Piece} Qxh3 29. Bg6+ Ke7 30. gxh3) 27... Qg5 {[%csl Gb7][%cal Rg5g2]} 28. Be4 {White is clearly winning.} d5 29. Rf5 Qg4 30. Bf3 Qg6 31. Bh5 Qxh5 32. Rhxh5 d4 33. Rhg5 Rce8 34. Rf1 Kg8 35. Rgf5 Ne5 36. h3 Re6 37. b4 Rfe8 38. Qb3 Bc6 39. Qg3 {Threatens to win with Rxf6.} Ned7 40. Bc1 Rc8 41. Re1 Rxe1+ 42. Qxe1 Re8 43. Qg3 Re2 44. Nf3 Be4 {[#]} 45. Bh6 $3 {[%csl Gh6][%cal Rg3g7]} Ne8 46. Rg5 {[%cal Rg5g7] White threatens Rxg7+ and mate.} Bxf3 {Accuracy: White = 80%, Black = 20%.} 1-0

[Event "21st Dubai Open 2019"]
[Site "Dubai"]
[Date "2019.04.02"]
[Round "2.18"]
[White "Quizon, Daniel"]
[Black "Yeoh, Li Tian"]
[Result "0-1"]
[WhiteElo "2340"]
[BlackElo "2522"]
[Annotator "TA"]
[PlyCount "108"]
[EventDate "2019.04.01"]
[EventType "swiss"]
[EventCountry "UAE"]
[SourceTitle "playchess.com"]
[Source "ChessBase"]
[SourceQuality "1"]

{[%evp 9,108,24,14,14,23,16,37,0,18,16,15,13,31,31,32,6,12,0,10,12,12,4,0,0,0,0,0,-33,-18,-28,-14,-29,0,0,-18,-17,0,-7,0,0,0,-15,-11,0,-1,-6,-13,-8,10,-30,-31,-60,-43,-48,-5,-3,0,-354,-368,-352,-361,-788,-552,-440,-244,-550,-522,-506,-502,-5089,-4864,-4141,-4134,-4132,-867,-6079,-2557,-2383,-806,-804,-804,-29962,-5177,-1807,-1798,-1490,-707,-616,-525,-520,-518,-520,-514,-622,-533,-529,-525,-495,-471,-29981,-29982]} 1. e4 e5 2. Nf3 Nc6 3. Bb5 Nf6 4. d3 Bc5 5. c3 O-O 6. O-O {C65: Ruy Lopez: Berlin Defence (3...Nf6), unusual lines and 4 0-0 Bc5} Re8 7. Nbd2 a6 8. Ba4 {White is slightly better.} b5 9. Bb3 d6 10. Re1 Be6 (10... Bb6 {is more complex.} 11. Nf1 Na5 12. Bc2 c5 13. Bg5 h6) 11. Bxe6 Rxe6 12. Nf1 $146 ({Predecessor:} 12. Nb3 Bb6 13. h3 d5 {½-½ (22) Piorun,K (2551)-Balogh,C (2632) Germany 2014}) 12... Bb6 13. Be3 d5 14. Bxb6 cxb6 15. exd5 Nxd5 16. d4 {[%cal Rf3e5]} e4 17. N3d2 f5 18. a4 b4 $1 19. Nc4 ({Much worse is} 19. c4 Nf4 $17) 19... bxc3 20. bxc3 Rc8 21. Qb3 $1 Nce7 22. Nfe3 f4 23. Ng4 $1 {[#]} b5 $1 {[%mdl 512]} 24. axb5 axb5 25. Nd2 $1 {[%cal Rd2e4]} e3 26. fxe3 fxe3 27. Nf3 Rxc3 28. Qxb5 Qc8 29. Nge5 Rb6 30. Qa5 Rc2 31. Ra2 Rbb2 32. Rxb2 Rxb2 $40 {[%mdl 128] [#] Black mounts an attack.} 33. Nd3 $2 {[%mdl 8192] [#]} (33. Nc6 $1 $11 {[%mdl 512] and White is okay.}) 33... Rxg2+ $1 $19 {[%mdl 512]} 34. Kh1 {Rc1 is the strong threat.} (34. Kxg2 Qg4+) 34... h6 35. Nde5 $2 (35. Ra1 Kh7 36. Qe1) 35... Rc2 36. Rg1 Rc1 (36... Rf2 $142 37. Qb5 Qf5) 37. Rxc1 $2 (37. Ng6) 37... Qxc1+ 38. Qe1 Qc2 39. Qf1 (39. Qh4 $142 Nf6 40. d5) 39... e2 40. Qe1 Nf4 41. Kg1 Ned5 (41... Nf5 $142 42. Kf2 Kh7) 42. Kf2 Nf6 43. Kg3 N4h5+ (43... Qf5 $142 44. Kf2 Ne4+ 45. Ke3 Ng2+ {[%mdl 64] Double Attack} 46. Kxe2 Nxe1 47. Kxe1 g5) 44. Kg2 Ne4 45. Ng1 Nf4+ (45... Qd1 $142 46. Nd3 {[#]} Nf4+ $1 {[%mdl 512]} 47. Kf3 g5 48. Nxf4 Qxe1 49. Nfxe2 Nd2+ 50. Ke3 Nf1+ 51. Kd3 Nxh2 52. Ke4 Qb1+ 53. Ke3 Kf7 54. Kd2 Nf1+ 55. Kc3 Qa2 56. d5 Qd2+ 57. Kb3 Qxd5+ 58. Kc2 Qd2+ 59. Kb3 Ne3 60. Ka3 Nc2+ 61. Kb3 Nd4+ 62. Nxd4 Qxd4 63. Nf3 Qd3+ 64. Kb4 Qxf3 65. Kc5 g4 66. Kb4 g3 67. Kc5 g2 68. Kb4 g1=Q 69. Kb5 Qd5+ 70. Kb4 Qb6+ 71. Kc3 Qbb3#) 46. Kf3 Qd1 47. Nd3 Nxd3 (47... g5 $142 48. Nxf4 Qxe1 49. Nfxe2 Nd2+ 50. Ke3 Nf1+ 51. Kd3 Nxh2) 48. Qxe2 Ng5+ 49. Ke3 Qxg1+ 50. Kxd3 Qb1+ 51. Kc3 Qc1+ 52. Kb4 Qc6 53. Qa2+ Ne6 54. d5 (54. Qc4 $19 Qd6+ 55. Kb3) 54... Qc5+ {Accuracy: White = 47%, Black = 48%.} 0-1